Pokémon - Les attaques de Nodulithe - Statistiques

Statistiques générales
  • Ce quiz a été pris 12 fois
  • Le résultat moyen est 10 sur 13
Statistiques - réponses
Niveaux Types Noms des attaques % Correct
Départ Normal Charge
100%
Niveau 40 Roche Lame de Roc
100%
Niveau 16 Roche Anti-Air
86%
Niveau 4 Normal Armure
86%
Niveau 28 Roche Éboulement
86%
Départ Sol Jet de Sable
86%
Niveau 20 Acier Mur de Fer
86%
Niveau 32 Roche Boule Roc
71%
Niveau 12 Sol Coud'Boue
71%
Niveau 24 Normal Coup d'Boule
71%
Niveau 8 Roche Piège de Roc
71%
Niveau 36 Roche Tempête de Sable
71%
Niveau 44 Normal Explosion
43%
Aucun quiz correspondant
Distribution des résultats
% des personnes avec chaque résultat
Percentile par nombre de réponses
Votre historique - résultats
Vous n’avez pas pris ce quiz